000 00466nam a2200181Ia 4500
005 20260311152252.0
008 008 250715s9999 xx 000 0 eng d
020 _a978-1-108-43262-7 (pbk)
040 _cFLL
041 _aeng
_2eng
084 _aZ1, R2
100 _aROSE Cecily
245 3 _aAn introduction to public international law
250 _a1st
260 _bU.K. Combridge University U.K.
_c2022
300 _axx,376 ill.
942 _cTB
_2CC
999 _c1434137
_d1434137